000 00633nam a2200229 4500
003 OSt
005 20240719033635.0
006 a
008 240719b |||||||| |||| 00| 0 eng d
020 _a1403945594
040 _aDWCL-HMN lib.
_cOC
082 _aCirc. 610.73 E138 2006
245 _aE-Learning in nursing /
260 _aN.Y. :
_bPalgrave McMillan,
_cc2006.
300 _axii,
_b138p. ;
_c23cm.
504 _aIncludes bibliographical references & index.
650 _a1. Nursing-Study and teaching
650 _a2. Nurses-Training.
700 _aSally Glen
700 _aPam Moule
942 _2ddc
_n0
_cBK-CIRC
_kCirc.
999 _c2423
_d2423